Statistics for Word Scramble - Footballers

Click here to take the quiz!

General Stats

  • This quiz has been taken 117 times
    (110 since last reset)
  • The average score is 15 of 28

Answer Stats

ScrambleFootballer% Correct
GREIOS MSRAOSergio Ramos
78%
AYYA UREOTYaya Toure
74%
ADLHNIOONRRonaldinho
71%
OEILNL IESMSLionel Messi
64%
NIRBO ANV SRIEEPRobin Van Persie
64%
TAZLNA VMOCIHRIABIZlatan Ibrahimovic
64%
ENLAG ID IRMAAAngel Di Maria
60%
TSAIRICON AONLRODCristiano Ronaldo
59%
SULKA KISOPOLDLukas Podolski
59%
ULSI RAEUZSLuis Suarez
58%
RSIGEO QBSUSEUTSergio Busquets
58%
VEETNS RAERRGDSteven Gerrard
55%
YENAW EYNOROWayne Rooney
54%
XEILAS CNAEHSZAlexis Sanchez
53%
HAITGO VISLAThiago Silva
53%
LEGN HNSOONJGlen Johnson
51%
KIRE LASCILSAIker Casillas
51%
EIDNZNEI DNEAIZZinedine Zidane
51%
RREOTOB RALSOCRoberto Carlos
50%
MTHAOS LUELMRThomas Muller
50%
TBSAANI EINWSCHSITEERGBastian Schweinsteiger
49%
NRNODEAF REROSTFernando Torres
44%
STUEM ZLOIMesut Ozil
42%
DNERSA ISTAENIAndres Iniesta
41%
MAERNYNeymar
41%
RCOLSA OULYPCarlos Puyol
40%
ROMAI TEGZOMario Gotze
37%
VJIARE HSCAMEARONJavier Mascherano
15%

Score Distribution

Percentile by Number Answered

Percent of People with Each Score

Your Score History

You have not taken this quiz since the last reset